Statistiques concernant Harry Potter: les Notes de Service

Cliquez ici pour prendre le quiz!

Statistiques générales

  • Ce quiz a été pris 16 fois
  • Le résultat moyen est 4 sur 8

Statistiques - réponses

InformationRéponses% Correct
Dernière apparitionHarry Potter et les Reliques de la Mort
92%
Première apparitionHarry Potter et l'Ordre du Phenix
92%
PrédécesseursHiboux
69%
DescriptionAvions en Papier
46%
UtilisateurMinistère de la Magie
38%
CouleurMauve
23%
DescriptionRats
15%
UtilisateurMacusa
8%

Distribution des résultats

Percentile par nombre de réponses

% des personnes avec chaque résultat

Votre développement - résultats

Vous n’avez pas pris ce quiz